000
00309nam a22001337a 4500
008
170619b xxu||||| |||| 00| 0 eng d
020
_a
9780065014150
041
_a
eng
080
_a
94
100
_a
16
101
_a
SHH
245
_a
CASE HISTORIES IN INTERNATIONAL POLITICS
_c
STILES,K.W
942
_2
udc
_c
BK
999
_c
18068
_d
18068